header

Modality (Record no. 448)

MARC details
000 -LEADER
fixed length control field 01499nam a22004214a 4500
082 04 - DEWEY DECIMAL CLASSIFICATION NUMBER
Classification number 415
100 1# - MAIN ENTRY--AUTHOR NAME
Personal name Portner, Paul.
245 10 - TITLE STATEMENT
Title Modality
260 ## - PUBLICATION, DISTRIBUTION, ETC. (IMPRINT)
Place of publication Oxford ;
-- New York :
Name of publisher Oxford University Press,
Year of publication 2009.
300 ## - PHYSICAL DESCRIPTION
Number of Pages x, 288 p. :
Other physical details ill.
490 1# - SERIES STATEMENT
Series statement Oxford linguistics
Series statement Oxford surveys in semantics and pragmatics
650 #0 - SUBJECT ADDED ENTRY--TOPICAL TERM
Topical Term Modality (Linguistics)
Topical Term Modality (Logic)
856 40 - ELECTRONIC LOCATION AND ACCESS
Uniform Resource Identifier http://site.ebrary.com/lib/rucke/Doc?id=10288442

No items available.

© 2026 Rongo University
Contact us: librarian | system librarian | Rongo university